000 01176cam a2200301 a 4500
999 _c130059
_d130059
001 2976065
003 ARRUPE
005 20191118094238.0
008 920206s1992 ilu b 001 0 eng
010 _a 92006237
020 _a0226753565 (alk. paper)
020 _a0226753573 (pbk. : alk. paper)
040 _aDLC
_cDLC
_dDLC
043 _an-us---
050 0 0 _aLC196.5.U6
_bS56 1992
082 0 0 _a370/.973
_220
100 1 _aShor, Ira,
_d1945-
_948330
245 1 0 _aEmpowering education :
_bcritical teaching for social change /
_cIra Shor.
260 _aChicago :
_bUniversity of Chicago Press,
_cc1992.
300 _avii, 286 p. ;
_c24 cm.
504 _aIncludes bibliographical references (p. 265-272) and indexes.
650 0 _aCritical pedagogy
_zUnited States.
_948743
856 4 2 _3Publisher description
_uhttp://www.loc.gov/catdir/description/uchi052/92006237.html
856 4 1 _3Table of contents only
_uhttp://www.loc.gov/catdir/enhancements/fy0642/92006237-t.html
906 _a7
_bcbc
_corignew
_d1
_eocip
_f19
_gy-gencatlg
942 _2lcc
_cMONOGRAPH